00743nam a2200241 a 4500001001300000003000900013005001700022008004100039020001000080082001600090100003300106245007900139260004400218300000800262500003500270505001300305650002400318700003300342902000800375942000700383952009600390999001500486nice12345678IN_TiNIC20260116012218.0050524s1964 gena grp 000 0 eng  ac10000a261.72bALB aAlbornoz, Angel F Carillo De aReligious Libertyb A General Review of the Present Situation in the World aGenevabWorld Council of Churchesc1964 a35p aincludes index and biblioraphy2 aAppendix aFreedom of Religion1 aAlbornoz, Angel F Carillo De bSRS cBK 00104070aHMIbHMId2007-07-10g100.00l0o261.72 ALBp08493r2007-07-10w2026-01-16yEB c6099d6099